[Event "Amsterdam VSB"]
[Site "Amsterdam"]
[Date "1996.??.??"]
[Round "3"]
[White "Topalov, Veselin"]
[Black "Short, Nigel D"]
[Result "0-1"]
[WhiteElo "2700"]
[BlackElo "2665"]

1.e4 c5 2.Nf3 d6 3.d4 cxd4 4.Nxd4 Nf6 5.Nc3 a6 6.Bc4 e6 7.Bb3 Nbd7 8.f4 Nc5
9.O-O Nfxe4 10.Nxe4 Nxe4 11.f5 e5 12.Qh5 d5 13.Re1 Bc5 14.Rxe4 Bxd4+ 15.Be3 O-O
16.Rxd4 exd4 17.Bxd4 f6 18.Bc5 Re8 19.Rd1 Kh8 20.Rxd5 Bd7 21.h3 Re5 22.Rxe5 fxe5
23.Bf7 Be8 24.Bg6 h6 25.Bxe8 Qxe8 26.Qxe8+ Rxe8 27.Bd6 Rd8 28.Bxe5 Rd5 29.Bc3 Rxf5
30.Bd4 b5 31.c3 h5 32.Bf2 Kg8 33.Kf1 Kf7 34.Ke2 Ke6 35.Bd4 g6 36.Bb6 Kd5
37.Bc7 Ke4 38.Bd8 Rd5 39.Bh4 Rd3 40.Bf2 a5 41.Be1 a4 42.Bd2 Rd7 43.Bh6 Rd5
44.Bc1 Rc5 45.Be3 a3 46.Bc1 b4  0-1